|
|
|
|
| LEADER |
00000nam a2200000 a 4500 |
| 001 |
UCI1287 |
| 003 |
CL-VaPUC |
| 008 |
070622e20060000CL |||||||||||||||||spa|d |
| 020 |
|
|
|a 9562441806
|
| 082 |
0 |
4 |
|a 398.2
|b NAV
|2 21
|
| 100 |
|
|
|a Navarrete Araya, Micaela
|e autora
|9 568345
|
| 700 |
0 |
|
|a Cornejo, Tomás
|e author
|9 521707
|
| 245 |
1 |
0 |
|a Por historia y travesura: la lira popular del poeta Juan Bautista Peralta
|
| 250 |
|
|
|a 1a. ed
|
| 300 |
|
|
|a 461 p
|
| 942 |
|
|
|c BK
|
| 945 |
|
|
|d 20070622 00:00:00
|a castudil
|
| 260 |
|
|
|a Santiago
|b DIBAM
|c 2006
|
| 600 |
0 |
7 |
|a PERALTA, JUAN BAUTISTA
|2 CL-VaPUC
|9 521708
|
| 650 |
|
0 |
|a Poesía chilena
|9 268403
|
| 650 |
|
0 |
|a Canto a lo humano
|9 433764
|
| 650 |
|
0 |
|a Canto a lo divino
|9 433763
|
| 650 |
|
0 |
|a Literatura folklórica
|9 306605
|
| 650 |
|
7 |
|a FOLKLORE
|2 CL-VaPUC
|9 268291
|
| 651 |
|
7 |
|a CHILE
|2 CL-VaPUC
|9 521709
|
| 583 |
|
|
|a last modification
|c 20170518 01:27:07
|k Rodrigo Vera
|
| 999 |
|
|
|c 326122
|d 326120
|
| 952 |
|
|
|0 0
|1 0
|4 0
|6 398_200000000000000_NAV_2006
|7 0
|8 X
|9 407856
|a FDOMLP
|b FDOMLP
|d 2019-11-22
|i 4268687
|o 398.2 NAV 2006
|p 4268687
|r 2019-11-22
|w 2019-11-22
|y BK_X
|k BU2
|
| 952 |
|
|
|0 0
|1 0
|4 0
|6 398_200000000000000_NAV_2006
|7 0
|8 X
|9 407857
|a FDOBUD
|b FDOBUD
|d 2019-11-22
|i 4596420
|o 398.2 NAV 2006
|p 4596420
|r 2019-11-22
|w 2019-11-22
|y BK_X
|k BUD
|